00559cam a2200169 a 4500020001500000040000800015082002600023100002200049245009000071260007700161300003400238490001100272500004500283650002200328650001700350700002200367 a0889365512 cDLC00a363 INT 1989 A015 Or.1 aKashyap, Purnima.10aRapid assessment of community nutrition problems :ba case study of Parbhani, India / aOttawa, ON, Canada :bInternational Development Research Centre,cc1989. aviii, 59 p. :bill. ;c25 cm.1 aIDRC ; aSummary in English, French, and Spanish. 0aNutrition surveys 0aMalnutrition1 aYoung, Richard H.